<?xml version="1.0" encoding="UTF-8"?>
<record
    xmlns:xsi="http://www.w3.org/2001/XMLSchema-instance"
    xsi:schemaLocation="http://www.loc.gov/MARC21/slim http://www.loc.gov/standards/marcxml/schema/MARC21slim.xsd"
    xmlns="http://www.loc.gov/MARC21/slim">

  <leader>00235nam a22000857a 4500</leader>
  <controlfield tag="001">1231738</controlfield>
  <controlfield tag="005">20250919121726.0</controlfield>
  <datafield tag="245" ind1=" " ind2=" ">
    <subfield code="a">&#x130;LK KAYNAKLARA G&#xD6;RE HZ. PEYGAMBER (A.S.) DEVR&#x130; KRONOLOJ&#x130;S&#x130;</subfield>
    <subfield code="c">KASIM &#x15E;ULUL</subfield>
  </datafield>
  <datafield tag="260" ind1=" " ind2=" ">
    <subfield code="b">&#x130;NSAN YAYINLARI</subfield>
  </datafield>
  <datafield tag="999" ind1=" " ind2=" ">
    <subfield code="c">1231738</subfield>
    <subfield code="d">1231738</subfield>
  </datafield>
  <datafield tag="952" ind1=" " ind2=" ">
    <subfield code="0">0</subfield>
    <subfield code="1">0</subfield>
    <subfield code="2">ddc</subfield>
    <subfield code="4">0</subfield>
    <subfield code="7">0</subfield>
    <subfield code="a">1019</subfield>
    <subfield code="b">1019</subfield>
    <subfield code="d">2025-09-19</subfield>
    <subfield code="l">0</subfield>
    <subfield code="o">S1</subfield>
    <subfield code="p">10194235</subfield>
    <subfield code="r">2025-09-19 12:18:19</subfield>
    <subfield code="w">2025-09-19</subfield>
    <subfield code="y">BK</subfield>
  </datafield>
</record>
